Personnages de séries - A - Statistiques

Statistiques générales
  • Ce quiz a été pris 281 fois
  • Le résultat moyen est 6 sur 16
Statistiques - réponses
Par images Réponse % Correct
Arthur
68%
Archie Andrews
64%
Aria Montgomery
57%
Alison DiLaurentis
51%
Arya Stark
47%
Arturo Román
43%
Austin Moon
39%
Ander Muñoz
36%
Alex Vause
29%
Alicia Sierra
26%
Adam Groff
21%
Annalise Keating
21%
Assane Diop
21%
Ally McBeal
16%
Alfie Solomons
7%
Ángeles Vidal
7%
Aucun quiz correspondant
Distribution des résultats
% des personnes avec chaque résultat
Percentile par nombre de réponses
Votre historique - résultats
Vous n’avez pas pris ce quiz